Comparative study of the processibility and vulcanizate properties of solid block rubber with the conventional grades of dry natural rubber (Record no. 55967)

MARC details
000 -LEADER
fixed length control field 00505nam a2200157Ia 4500
100 ## - MAIN ENTRY--AUTHOR NAME
Personal name Kuriakose B
245 #0 - TITLE STATEMENT
Title Comparative study of the processibility and vulcanizate properties of solid block rubber with the conventional grades of dry natural rubber
260 ## - PUBLICATION, DISTRIBUTION, ETC. (IMPRINT)
Name of publisher Rubber Board Bulletin
Year of publication 1976
300 ## - PHYSICAL DESCRIPTION
Number of Pages 72-75
650 ## - SUBJECT ADDED ENTRY--TOPICAL TERM
Topical Term Block rubber
650 ## - SUBJECT ADDED ENTRY--TOPICAL TERM
Topical Term Dry natural rubber
700 ## - ADDED ENTRY--PERSONAL NAME
Personal name Balagopalan Nair M K
700 ## - ADDED ENTRY--PERSONAL NAME
Personal name Thomas E V
942 ## - ADDED ENTRY ELEMENTS (KOHA)
Koha item type Journals
Holdings
Withdrawn status Lost status Damaged status Not for loan Home library Current library Shelving location Date acquired Serial Enumeration / chronology Koha item type
      Journals RRII Library RRII Library Rubber chemistry 17/12/2021 Volume 13, Issue 3 Journals